| 000 | 00401 a2200109 4500 | ||
|---|---|---|---|
| 001 | ART_9141 | ||
| 005 | 20260410161846.0 | ||
| 008 | 260409a | ||
| 245 | 1 | 0 | _aMedida de la diferencial de ingreso entre familias blancas, negras y de origen hispánico en los Estados Unidos |
| 100 | 1 | _aDagum, Camilo | |
| 773 | 0 |
_tEl trimestre económico _g- Vol. L, Nº 198 (abr./jun. 1983) _wREV6933 |
|
| 999 |
_c24523 _d24523 |
||